000 01055nam a2200289 i 4500
003 EG-GICUC
005 20260121101537.0
008 251224s1962 iq ||||fr|||| 00| 0 ara d
040 _a EG-GICUC
_bara
_c EG-GICUC
_d EG-GICUC
_erda
041 0 _aara
082 0 4 _221
_a343.302
_bك ا . ق
092 0 4 _221
099 _aLaw1 10 343.302 ك ا . ق 1962
100 0 _aكامل السامرألي
_eمؤلف.
245 1 0 _aقانون أصول المحاكمات الجزائية البغدادي :
_bوتعديلاته وذيوله /
_cكامل السامرألي.
264 3 _aبغداد :
_bمطبعة النجاح،
_c1962.
300 _a196 ؛ صفحة
_c24 سم.
336 _2rda content
_atext
337 _2rda media
_aComputer
338 _2rda carrier
_aOnline Resource
546 _aالنص باللغة العربية
650 1 4 _aالنظم الإجرائية المقارنة
650 1 4 _aالقانون الجنائي
856 4 0 _uhttps://fll.law.cu.edu.eg/fulltext/bks/B10-05657.pdf
905 _a77
942 _2ddc
_cBK
_e21
_n0
999 _c52442
_d52442